| 000 | 00661nam a22001937a 4500 | ||
|---|---|---|---|
| 008 | 150528b xxu||||| |||| 00| 0 eng d | ||
| 020 | _a9789280811117 | ||
| 041 | 0 | _aENG | |
| 080 | _a504.06 GRE | ||
| 245 | 0 | 0 |
_aReforming international environmental governance _cedited by W. Bradnee Chambers and Jessica F. Green. |
| 300 | _a234 f | ||
| 500 | _aINDEX | ||
| 500 | _aBIBLIOGRAFI | ||
| 650 |
_aEnvironmental policy _xInternational cooperation. |
||
| 650 | _aEnvironmental law, International. | ||
| 700 | _aChambers, W. Bradnee. | ||
| 700 | _aGreen, Jessica F. | ||
| 942 |
_2udc _cBK |
||
| 999 |
_c921 _d921 |
||